000 00944cam a22002897a 4500
003 CHAP
005 20220329141603.0
008 971013s1972 r 00010 d
010 _a70581
011 _a71553
035 _a81107
040 _cCHAP
082 0 4 _a541
_bD35Y 1972
100 0 0 _aDaniels, Farrington.
_931041
245 1 0 _aCurso de físicoquimica experimental
_c/por Farrington Daniels
260 _aMéxico, D.F. :
_bMcGraw-Hill,
_c1972
300 _a678 p.
_b: ilus
500 _aTrad. de : Experimental physical chemistry de la 7a. ed. en inglés, 1970
590 _aBATCH-UPD
_b10
_c20130110
_lUCH01
_h2008
590 _aBATCH-UPD
_b10
_c20130410
_lUCH01
_h1328
590 _aBATCH-UPD
_b10
_c20130914
_lUCH01
_h1411
590 _aCONVERSION
_b10
_c20130109
_lUCH01
_h1339
650 1 4 _aFisicoquímica.
_941125
901 _aBK
942 _cLIBRO
949 _a541 D35Y 1972
_bBC
_cLIBRO
_d33724000807772
_eLIBRO
_h17526
_i81107
_mD
_si
999 _c70581
_d70581